00382nam a2200145Ia 4500008004100000084001300041100002700054245004300081250002000124260001800144260000900162260002100171300000900192500003500201180424s9999 xx 000 0 und d a659.1 S5 a"Schlemmer, Richard M" 0aHandbook of Advertising Art Production a\\197602ENGGPSX aPrentice Hall b1976 cEnglewood Cliffs a277p aincludes index and biblioraphy